[Event "Bratislava Doprastav op"]
[Site "Bratislava"]
[Date "2008.06.28"]
[Round "1"]
[White "Psotny, Martin"]
[Black "Zdrazil, Bohumir"]
[Result "1/2-1/2"]
[WhiteElo "1660"]
[BlackElo "1947"]
[PlyCount "78"]
[EventDate "2008.06.28"]
[EventType "swiss"]
[EventRounds "7"]
[EventCountry "SVK"]
[SourceTitle "CBM 125 Extra"]
[Source "ChessBase"]
[SourceDate "2008.09.01"]
[SourceVersion "1"]
[SourceVersionDate "2008.09.01"]
[SourceQuality "1"]

1. d4 Nf6 2. c4 g6 3. Nc3 Bg7 4. e4 d6 5. f3 0-0 6. Be3 e5 7. d5 Nbd7 8. Bd3 b6 9. Qd2 Nc5 10. Bc2 a5 11. Na4 Bd7 12. Nxc5 dxc5 13. Bh6 Ne8 14. Ne2 Nd6 15. Bxg7 Kxg7 16. Qc3 f6 17. 0-0 Qe7 18. Qd3 Rae8 19. Nc3 g5 20. Ba4 Bxa4 21. Nxa4 h5 22. b3 Rh8 23. Nc3 Rh6 24. Nd1 Rg6 25. Ne3 Rh8 26. h3 Rgh6 27. g3 Qd7 28. Kh2 Rf8 29. Rg1 Kh8 30. Rg2 Rh7 31. Rf1 Rg7 32. Qe2 Kg8 33. Rh1 f5 34. Nxf5 Nxf5 35. exf5 Qxf5 36. Re1 Re8 37. Qe4 Rf7 38. Rge2 Qxe4 39. Rxe4 Rf5 1/2-1/2